000 00859nam a2200229 a 4500
001 60914
005 20180714062341.0
008 140415s2009 sp 000 0 spa d
020 _a978-84-249-3591-7
082 0 _a907.2
_bTUC
100 1 _aTuchman, Barbara Wertheim,
_d1912-1989,
_eautor
245 1 0 _aCómo se escribe la historia :
_blas claves para entender la historia y otros ensayos /
_cBarbara W. Tuchman ; traducción de Beatriz Iglesias Lamas.
264 1 _aEspaña :
_bEditorial Gredos,
_c2009
300 _a359 páginas ;
_c23 cm.
336 _atexto
_brdacontent
337 _asinmediación
_2rdamedia
338 _avolumen
_2rdacarrier
490 0 _aBiblioteca de la nueva cultura, Serie Historia
650 0 4 _aHistoria contemporánea
_vEnsayos
650 0 4 _aHistoriografía
700 1 _aIglesias Lamas, Beatriz,
_etraductor
999 _c60914
_d60914